00968 2200325 4500001002100000005001700021020002200038035002400060040001200084082001700096084001700113090001700130100001600147245018000163250001100343260003600354300003600390500002700426650001300453700003000466700002000496700001200516850001200528990001700540990001700557990001700574990001700591990001700608990001700625YOGYA00000000010678020141119101841.0 a987-602-7874-59-6 0010-061400000000133 aYOPDYOG 2[22]a153.93 a153.93 Afi B a153.93 Afi B aAFIN MURTIE aBedah soal-soal lengkap TPA dan psikotes untuk CPNS, BUMN, dan semua departemen pusat dan daerahc/ Afin Murtie, Poppy Alexandra Suhartono, Destika Ajeng W ; editor, Rose K.R. aCet. 1 aYogyakartabAr-Ruzz Mediac2013 a299 hlm.bilusc26 cm. (3 eks.) aBibliografi : hlm. 299 aPsikotes aPoppy Alexandra Suhartono aDestika Ajeng W aRose KR aYOPDYOG a7849/PD.2014 a7850/PD.2014 a7851/PD.2014 a7849-PD/B.14 a7850/PD.2014 a7851/PD.2014